| 000 | 01200nam0a2200337 4500 | ||
|---|---|---|---|
| 001 | RU\NLR\bibl\1709408 | ||
| 005 | 20260405110441.0 | ||
| 010 |
_a978-5-904045-47-0 _91100 |
||
| 021 |
_aRU _b2010-85259 _95694 |
||
| 035 | _a(nilc)RSL-KNO-004822946 | ||
| 035 | _a(NLR Aleph) 001700446 | ||
| 090 |
_a1216985 _c1216985 |
||
| 100 | _a20101101d2010 |||y0rusy50 ca | ||
| 101 | 0 | _arus | |
| 102 | _aRU | ||
| 105 | _ay zzzz||||| | ||
| 200 | 1 |
_aПерсоны и персонажи: от Че Гевары до тети Сары _e[рассказы, эссе] _fПетр Мельников |
|
| 210 |
_aСанкт-Петербург _cРеноме _d2010 |
||
| 215 |
_a318, [1] с. _d20 |
||
| 606 | 1 |
_aВсеобщая история _xДеятели _92373927 _3RU\NLR\auth\661416803 |
|
| 686 |
_aШ5(2=Р)75-644 _2rubbk |
||
| 686 | _aШ6(2=Р)8-4 | ||
| 686 | _aТ3(0)0-8 | ||
| 700 | 1 |
_4070 _8rus _7ca _aМельников _bП. П. _cврач, писатель _gПетр Петрович _3RU\NLR\auth\7741608 _924556 |
|
| 801 | 0 |
_aRU _bРГБ _c20101101 _grcr |
|
| 801 | 1 |
_aRU _bРГБ _c20101101 |
|
| 801 | 2 |
_aRU _bNLR _c20101206 _grcr |
|
| 942 | _cBOOK | ||
| 980 | _aNB | ||